000 00805nam a22002177a 4500
999 _c61834
_d61834
005 20240524113739.0
008 240524s2007 enk||||| |||| 00| 0 eng d
020 _a9789996026508x
041 _aeng
080 _a617.5 Y-21
100 _aYeo, Charles J.
_922167
245 _aShackelford's surgery of the alimentary tract :
_bVolume 1
_cCharles J. Yeo, J. H. Peters, Daniel T. Dempsey.
250 _aSixth edition
264 _aPhiladelphia :
_bSaunders,
_c2007.
300 _a1284 p.:
_bill.;
_c29 cm.
653 _aსაჭმლის მომნელებელი ტრაქტის ქირურგია
653 _aმედიცინა
700 _aPeters, J. H.
_eავტორი
_922168
700 _aDempsey, Daniel T.
_eავტორი
_922168
942 _2udc
_cBK